[Event "AUTO-OPEN-3334"]
[Site "http://www.queenalice.com/game.php?id=1310092"]
[Date "2014.9.24"]
[Round "1"]
[White "MartinLouis"]
[Black "PROFALEXANDRE"]
[Result "0-1"]
[WhiteElo "1766"]
[BlackElo "1693"]

1. e4 e5 2. Bc4 Nf6 3. Nc3 a6 4. Qf3 Nc6 5. a4 Nd4 6. Qd3 Bb4 7. Nge2 Nxe2 8.
Kxe2 Bxc3 9. Qxc3 d6 10. Re1 Nxe4 11. Qf3 O-O 12. Qxe4 g6 13. Kf1 Bf5 14. Qxb7
Bxc2 15. Qf3 Qd7 16. b3 c5 17. Bd5 Rab8 18. d3 Bxb3 19. Bh6 Bxd5 20. Qxd5 Rfe8
21. Rac1 Rb4 22. a5 Rd4 23. Qf3 f5 24. Be3 Rh4 25. Bg5 Rxh2 26. Kg1 Rh5 27. Qe3
f4 28. Bxf4 h6 29. Bxh6 Qf5 30. f3 Qf6 31. g4 Rh3 32. Rf1 Rg3+ 33. Kf2 Rh3 34.
Bg5 Qh8 35. Qe4 Rh2+ 36. Ke1 Re6 0-1

[Event "AUTO-OPEN-3334"]
[Site "http://www.queenalice.com/game.php?id=1310093"]
[Date "2014.9.24"]
[Round "1"]
[White "PROFALEXANDRE"]
[Black "MartinLouis"]
[Result "1-0"]
[WhiteElo "1666"]
[BlackElo "1933"]

1. e4 e5 2. Nf3 Nc6 3. Bb5 Qf6 4. Bxc6 Qxc6 5. Nxe5 Qf6 6. d4 Bd6 7. Nf3 Qg6 8.
e5 Be7 9. O-O d6 10. h3 Bxh3 11. g3 Bxf1 12. Qxf1 O-O-O 13. Nc3 Qxc2 14. Nb5
dxe5 15. Nxe5 Rf8 16. Nxa7+ Kb8 17. Nb5 Nf6 18. a4 Bd6 19. Nxd6 cxd6 20. Nd3 Ng4
21. Bf4 Rd8 22. Rc1 Qxa4 23. f3 Nf6 24. b4 Nd5 25. Rb1 Nc3 26. Ra1 Qc2 27. Rc1
Ne2+ 28. Kh1 Qxd3 29. Qe1 Nxd4 30. Rc3 Nxf3 31. Qc1 Qe2 32. g4 Nh4 33. Rg3 Rc8
34. Bxd6+ 1-0

[Event "AUTO-OPEN-3334"]
[Site "http://www.queenalice.com/game.php?id=1310094"]
[Date "2014.9.24"]
[Round "1"]
[White "MartinLouis"]
[Black "saida"]
[Result "0-1"]
[WhiteElo "1552"]
[BlackElo "1731"]

1. e4 c5 2. Bc4 Nc6 3. Qf3 e6 4. d3 Nd4 5. Qd1 d5 6. exd5 exd5 7. Bb3 Nf6 8.
Ba4+ Bd7 9. Bxd7+ Qxd7 10. Nf3 Nxf3+ 11. Qxf3 Be7 12. O-O O-O 13. Bf4 Rab8 14.
Bxb8 Rxb8 15. Qg3 Bd6 16. Qf3 d4 17. Nd2 Qc7 18. g3 b5 19. Qf5 Re8 20. Qf3 Nd7
21. Qh5 Re6 22. Ne4 c4 23. Ng5 Nf6 24. Qh3 Re7 25. a3 h6 26. Nf3 c3 27. Nxd4
cxb2 0-1

[Event "AUTO-OPEN-3334"]
[Site "http://www.queenalice.com/game.php?id=1310095"]
[Date "2014.9.24"]
[Round "1"]
[White "saida"]
[Black "MartinLouis"]
[Result "1-0"]
[WhiteElo "1721"]
[BlackElo "1567"]

1. d4 d5 2. c4 Nc6 3. Nf3 Bg4 4. e3 Qd7 5. c5 Nf6 6. Bb5 e6 7. Qb3 Be7 8. Ne5
Nxe5 9. Bxd7+ Nfxd7 10. dxe5 Nxc5 11. Qc2 O-O 12. O-O c6 13. Nc3 b5 14. f3 Bf5
15. Qd1 Bd3 16. Re1 Bh4 17. g3 Be7 18. b4 Nd7 19. Qxd3 Nxe5 20. Qe2 Bxb4 21. Bb2
Nc4 22. a3 Ba5 23. Rec1 Rab8 24. e4 d4 25. Nd1 Bd2 26. Bxd4 Bxc1 27. Rxc1 Nxa3
28. Rxc6 Rb7 29. Ra6 Ra8 30. Rxa3 1-0

[Event "AUTO-OPEN-3334"]
[Site "http://www.queenalice.com/game.php?id=1310096"]
[Date "2014.9.24"]
[Round "1"]
[White "MartinLouis"]
[Black "RDario"]
[Result "0-1"]
[WhiteElo "1587"]
[BlackElo "2034"]

1. e4 d6 2. Bc4 Nd7 3. Qf3 Ne5 4. Qb3 Nxc4 5. Qxc4 Nf6 6. Nc3 c6 7. d3 g6 8. Bg5
Bg7 9. Nf3 Nd7 10. O-O Ne5 11. Nxe5 dxe5 12. Qb4 Qd6 0-1

[Event "AUTO-OPEN-3334"]
[Site "http://www.queenalice.com/game.php?id=1310097"]
[Date "2014.9.24"]
[Round "1"]
[White "RDario"]
[Black "MartinLouis"]
[Result "1-0"]
[WhiteElo "2032"]
[BlackElo "1587"]

1. c4 e5 2. Nc3 Bc5 3. d3 Qf6 4. Ne4 Qb6 5. Nf3 Bb4+ 6. Bd2 Be7 7. Qc2 d6 8. b4
c5 9. Rb1 Nf6 10. bxc5 Qc6 11. g3 Bf5 12. Nxd6+ 1-0

[Event "AUTO-OPEN-3335"]
[Site "http://www.queenalice.com/game.php?id=1310468"]
[Date "2014.9.25"]
[Round "1"]
[White "rubenov"]
[Black "MartinLouis"]
[Result "1-0"]
[WhiteElo "1873"]
[BlackElo "1580"]

1. d4 d5 2. Bg5 Bf5 3. Nf3 f6 4. Bh4 Nc6 5. a3 Qd6 6. e3 O-O-O 7. Nc3 e6 8. Bg3
e5 9. Bb5 Nge7 10. O-O g5 11. Na4 e4 12. Bxd6 Rxd6 13. Nc5 a6 14. Be2 Ng6 15.
Nd2 Be7 16. b4 Na7 17. c4 Rdd8 18. Bg4 Bxg4 19. Qxg4+ Kb8 20. Nd7+ Kc8 21. Nxf6+
Kb8 22. Nd7+ Ka8 23. cxd5 Nf8 24. Nxf8 1-0

[Event "AUTO-OPEN-3335"]
[Site "http://www.queenalice.com/game.php?id=1310469"]
[Date "2014.9.25"]
[Round "1"]
[White "MartinLouis"]
[Black "rubenov"]
[Result "0-1"]
[WhiteElo "1573"]
[BlackElo "1877"]

1. e4 e5 2. Bc4 d6 3. Qf3 Qe7 4. Nc3 Nf6 5. d3 h6 6. Nge2 a6 7. Nd5 Nxd5 8. Bxd5
Nd7 9. Ng3 Nf6 10. Bb3 Bg4 11. Qe3 Be6 12. Ba4+ b5 13. Bb3 Bxb3 14. Nf5 Qe6 15.
axb3 c5 16. O-O g6 17. Ng3 Bg7 18. c4 b4 19. Bd2 Nh5 20. Nxh5 gxh5 21. Qg3 Qg4
22. Qxg4 hxg4 23. g3 f6 24. Rae1 h5 25. f3 Ke7 26. fxg4 hxg4 0-1

[Event "AUTO-OPEN-3335"]
[Site "http://www.queenalice.com/game.php?id=1310490"]
[Date "2014.9.25"]
[Round "1"]
[White "MartinLouis"]
[Black "miltonlovisk"]
[Result "0-1"]
[WhiteElo "1521"]
[BlackElo "1929"]

1. e4 e5 2. Bc4 Nc6 3. Qf3 Nf6 4. Ne2 Bc5 5. Nbc3 Na5 6. Bd5 c6 7. Bb3 Nxb3 8.
cxb3 d6 9. h3 h6 10. O-O g5 11. g4 h5 0-1

[Event "AUTO-OPEN-3335"]
[Site "http://www.queenalice.com/game.php?id=1310491"]
[Date "2014.9.25"]
[Round "1"]
[White "miltonlovisk"]
[Black "MartinLouis"]
[Result "1-0"]
[WhiteElo "1923"]
[BlackElo "1521"]

1. e4 e5 2. a3 Qf6 3. Nc3 Bc5 4. Nf3 Ne7 5. Bc4 Nbc6 6. d3 h6 7. h3 Nd4 8. Be3
Qg6 9. Nxe5 Qxg2 10. Kd2 Ng6 11. Bxf7+ 1-0

[Event "AUTO-OPEN-3335"]
[Site "http://www.queenalice.com/game.php?id=1310492"]
[Date "2014.9.25"]
[Round "1"]
[White "MartinLouis"]
[Black "Capixaba789"]
[Result "1-0"]
[WhiteElo "1708"]
[BlackElo "1984"]

1. e4 Nf6 2. Nc3 e5 3. Bc4 d6 4. Qf3 Nc6 5. Nge2 Bg4 6. Qg3 Bh5 7. d3 Be7 8.
Qxg7 Rg8 9. Qh6 Rxg2 10. Qe3 Qd7 11. Nd5 Nb4 12. Nxb4 Ng4 13. Qf3 Rxh2 14. Rxh2
Nxh2 15. Qxh5 1-0

[Event "AUTO-OPEN-3335"]
[Site "http://www.queenalice.com/game.php?id=1310493"]
[Date "2014.9.25"]
[Round "1"]
[White "Capixaba789"]
[Black "MartinLouis"]
[Result "1-0"]
[WhiteElo "1890"]
[BlackElo "1587"]

1. e4 e5 2. Nf3 Nc6 3. d3 h6 4. Nc3 Bc5 5. Be2 d6 6. Bd2 Nd4 7. Nxd4 Bxd4 8. Rb1
Qf6 9. O-O Qg6 10. Nd5 Bh3 11. Bf3 Be6 12. Nxc7+ Kd8 13. Nxa8 Bh3 14. Kh1 Be6
15. c3 Bc5 16. b4 Bb6 17. Nxb6 axb6 18. a3 Ba2 19. Ra1 Be6 20. Qa4 Bc8 21. Be3
1-0

[Event "AUTO-OPEN-3339"]
[Site "http://www.queenalice.com/game.php?id=1311620"]
[Date "2014.9.30"]
[Round "1"]
[White "MartinLouis"]
[Black "duschgel"]
[Result "0-1"]
[WhiteElo "1521"]
[BlackElo "2109"]

1. e4 c6 2. Bc4 d5 3. exd5 cxd5 4. Bb3 Nf6 5. d4 Bf5 6. Nf3 e6 7. Nc3 Bb4 8. Bd2
a5 9. Ba4+ Ke7 10. Ne5 Nbd7 0-1

[Event "AUTO-OPEN-3339"]
[Site "http://www.queenalice.com/game.php?id=1311662"]
[Date "2014.9.30"]
[Round "1"]
[White "MartinLouis"]
[Black "junipero"]
[Result "0-1"]
[WhiteElo "1587"]
[BlackElo "2123"]

1. e4 c5 2. Bc4 Nc6 3. Qf3 Ne5 4. Qb3 Nxc4 5. Qxc4 d6 6. Nf3 h6 7. O-O e5 8. Nc3
Nf6 9. Ne2 a6 10. Ng3 b5 0-1